Introducing Islam form within: (Record no. 96369)
[ view plain ]
| 000 -LEADER | |
|---|---|
| fixed length control field | 00439nam a22001577a 4500 |
| 005 - DATE AND TIME OF LATEST TRANSACTION | |
| control field | 20170803141238.0 |
| 008 - FIXED-LENGTH DATA ELEMENTS--GENERAL INFORMATION | |
| fixed length control field | 170803b xxu||||| |||| 00| 0 eng d |
| 020 ## - INTERNATIONAL STANDARD BOOK NUMBER | |
| International Standard Book Number | 086037209X |
| 040 ## - CATALOGING SOURCE | |
| Transcribing agency | PK-LaUMT |
| 082 ## - DEWEY DECIMAL CLASSIFICATION NUMBER | |
| Classification number | ZIAC 297 |
| Item number | NON-I |
| 100 ## - MAIN ENTRY--PERSONAL NAME | |
| Personal name | Nona Abul-Fadl |
| 245 ## - TITLE STATEMENT | |
| Title | Introducing Islam form within: |
| Remainder of title | alternative perspectives/ |
| Statement of responsibility, etc | Nona Abul-Fadl |
| 260 ## - PUBLICATION, DISTRIBUTION, ETC. (IMPRINT) | |
| Place of publication, distribution, etc | London; |
| Name of publisher, distributor, etc | The Islamic foundation, |
| Date of publication, distribution, etc | 1991 |
| 300 ## - PHYSICAL DESCRIPTION | |
| Extent | 135 p. |
| 942 ## - ADDED ENTRY ELEMENTS (KOHA) | |
| Koha item type | Books |
| Withdrawn status | Lost status | Damaged status | Home library | Current library | Date acquired | Full call number | Barcode | Date last seen | Price effective from | Koha item type |
|---|---|---|---|---|---|---|---|---|---|---|
| UMT Main Campus | UMT Main Campus | 2017-08-03 | ZIAC 297 NON-I | 112029 | 2017-08-03 | 2017-08-03 | Books |
